000 00494cam a22001337a 4500
008 180718b1959 xxu||||| |||| 00| 0 eng d
082 _aC4x5415 G748
100 _aGoyal, Narendra
245 _aKing and his constitution: some observations on the constitution of the Kingdom of Nepal, and a brief commentary, with text
_cby Narendra Goyal
260 _aNew Delhi
_bNepal Trading Corporation
_c1959
300 _a140p.
650 _aConstitutional law --Nepal
650 _aNepal. Samvidhana (1948)
999 _c366665
_d366665